Statistics for Can you name former countries on the ussr

Click here to take the quiz!

General Stats

  • This quiz has been taken 107 times
  • The average score is 11 of 14

Answers on the Map

Answers color-coded by a green-red scale on the quiz's map according to % correct below.
 

Answer Stats

Answer% Correct
Russia
94%
Kazakhstan
89%
Ukraine
85%
Georgia
79%
Moldova
79%
Estonia
77%
Latvia
77%
Lithuania
77%
Azerbaijan
75%
Turkmenistan
75%
Kyrgyzstan
73%
Tajikistan
73%
Uzbekistan
69%
Armenia
65%

Score Distribution

Percentile by Number Answered

Percent of People with Each Score

Your Score History

You have not taken this quiz